书目信息 |
| 题名: |
社会主义精神文明十论
|
|
| 作者: | 王驰 著 | |
| 分册: | ||
| 出版信息: | 长沙 湖南人民出版社 1983 |
|
| 页数: | 367页 | |
| 开本: | 21cm | |
| 丛书名: | ||
| 单 册: | ||
| 中图分类: | D648 , D643 | |
| 科图分类: | ||
| 主题词: | 精神文明建设--研究--中国 , 政治--中国 | |
| 电子资源: | ||
| ISBN: | ||
| 000 | 00697nam0 2200265 45 | |
| 001 | 0183002825 | |
| 005 | 20040423084821.8 | |
| 010 | @dCNY1.10 | |
| 091 | @a7109.1376 | |
| 100 | @a19950517d1983 emky0chiy0121 ea | |
| 101 | 0 | @achi |
| 102 | @aCN@b430000 | |
| 105 | @ay z 000yy | |
| 106 | @ar | |
| 200 | 10 | @a社会主义精神文明十论@Ashe hui zhu yi jing shen wen ming shi lun@f王驰著 |
| 210 | @a长沙@c湖南人民出版社@d1983 | |
| 215 | @a367页@d21cm | |
| 606 | @a精神文明建设@x研究@y中国 | |
| 606 | 0 | @a政治@x中国 |
| 690 | @aD648@v3 | |
| 690 | @aD643 | |
| 701 | 0 | @a王驰@Awang chi@4著 |
| 801 | 0 | @aCN@b上海图书馆@c20040423 |
| 801 | 2 | @aCN@bNLC@c20040423 |
| 905 | @f2@b91577-578@dD643@e18 | |
| 社会主义精神文明十论/王驰著.-长沙:湖南人民出版社,1983 |
| 367页;21cm |
| ISBN :CNY1.10 |
| ● |
| 相关链接 |
|
|
|
|
正题名:社会主义精神文明十论
索取号:D643/18
 
预约/预借
| 序号 | 登录号 | 条形码 | 馆藏地/架位号 | 状态 | 备注 |
| 1 | 0091577 | 001018570 | 密集书库/ [索取号:D643/18] | 在馆 | |
| 2 | 0091578 | 000372466 | 密集书库/ [索取号:D643/18] | 在馆 |